000 00646nam a2200205Ia 4500
003 GCL
008 140319s9999 xx 000 0 ara d
040 _aGCL /
_cGCL
082 0 4 _a811.6
_bا ق
100 1 _aاحمد عبدالعزيز
245 1 0 _aقضاياالمشرق العربى عند الشعراء الاسبان /
_cاحمد عبدالعزيز
260 _a[S.N] :
_bمكتبة الانجلوالمصرية ،
_c1989
300 _a170 ص
490 _a
650 0 4 _aالشعر العربى
650 0 4 _aالادب العربى
650 0 4 _aالشعر الاسبانى
650 0 4 _aتاريخ ونقد
942 _2ddc
_cBK
999 _c32603
_d32603